| 000 | 00465nam a2200193Ia 4500 | ||
|---|---|---|---|
| 008 | 171025s9999 xx 000 0 und d | ||
| 020 | _a395578213 | ||
| 050 | _a363.7 | ||
| 050 | _bG666 1992 | ||
| 100 | _aGore, Al | ||
| 245 | _aEarth in the balance : | ||
| 245 | _becology and the human spirit / | ||
| 245 | _cby Al Gore. | ||
| 260 | _aNew York : | ||
| 260 | _bHoughton Mifflin, | ||
| 260 | _c1992 | ||
| 300 | _a407 pages : | ||
| 300 | _billustrations ; | ||
| 999 |
_c344556 _d344556 |
||